000
00278nam a2200109Ia 4500
008
200302s9999 xx 000 0 und d
100
_a
Saiyid Athar Abbas Rizvi
245
_a
Fathepur - Sikri
260
_b
Taraporevala Sons & Co., Pvt., Ltd.,
260
_c
1975
300
_a
175 P.,
999
_c
2280
_d
2280